000 00774cad a22002055a 4500
001 E144012
008 080611s2003 xxk f a000 0 eng d
035 _a(Sirsi) u144012
041 0 _aeng
110 2 _aScotland
_kLaws, etc
245 0 0 _aRobin Rigg Offshore Wind Farm (Navigation and Fishing) (Scotland) Act 2003
_b(asp 19)
_h[electronic resource]
260 _aEdinburgh
_bTSO
_c2003
300 _a7p.
_c24cm.
490 0 _aCurrent Law Statutes
_vasp 19
650 2 4 _aROBIN RIGG OFFSHORE WIND FARM (NAVIGATION AND FISHING) (SCOTLAND) ACT 2003
651 4 _aScotland
_y1999-
690 _aENVIRONMENTAL AND LAND CONSULTANCY-ENERGY
856 4 0 _uhttps://www.opsi.gov.uk/legislation/scotland/s-acts2003a
_zView the Act free of charge at www.opsi.gov.uk...
942 _n0
999 _c108348
_d108348